[Event "SV Ahlen 1 - SG Werl-Wickede 1"]
[Site "Verbandsliga - Gr. 1 2019/202"]
[Date "2019.09.22"]
[Round "1.1"]
[White "Schwarzkopf, Christian"]
[Black "Steinle, Carsten"]
[Result "1/2-1/2"]
[WhiteElo "2062"]
[BlackElo "2159"]
[PlyCount "107"]
[EventDate "2019.??.??"]

1. Nf3 d6 2. d4 Nf6 3. Bg5 Nbd7 4. c3 e5 5. Nbd2 h6 6. Bxf6 Qxf6 7. e3 g6 8.
Bd3 Bg7 9. Qc2 O-O 10. O-O-O Re8 11. Kb1 c6 12. dxe5 Nxe5 13. Nxe5 Rxe5 14.
Rhf1 Be6 15. e4 Ra5 16. Nb3 Ra4 17. f4 b5 18. e5 dxe5 19. f5 gxf5 20. Bxf5 Rf4
21. Rxf4 exf4 22. Nd4 Bd5 23. Bh7+ Kh8 24. Be4 Rb8 25. Bxd5 cxd5 26. Nf5 b4 27.
cxb4 Rxb4 28. Nxg7 Kxg7 29. Rxd5 a6 30. a3 Rb6 31. Rd3 Rc6 32. Qd2 Qg6 33. Ka1
Rf6 34. Rf3 Qe4 35. Qc3 Kg6 36. g3 Rc6 37. Qd3 Qxd3 38. Rxd3 Kf5 39. Rf3 Rc4
40. b4 Ke5 41. Rxf4 Rxf4 42. gxf4+ Kxf4 43. a4 Ke4 44. Kb2 Kd4 45. Kb3 h5 46.
h4 f6 47. b5 axb5 48. axb5 Kc5 49. Kc3 Kxb5 50. Kd4 Kc6 51. Ke4 Kd6 52. Kf5 Ke7
53. Kg6 Kf8 54. Kxf6 1/2-1/2

[Event "SV Ahlen 1 - SG Werl-Wickede 1"]
[Site "Verbandsliga - Gr. 1 2019/202"]
[Date "2019.09.22"]
[Round "1.2"]
[White "Torres-Kuckel, Rafael"]
[Black "Stolle, Dietmar"]
[Result "1-0"]
[WhiteElo "2107"]
[BlackElo "2016"]
[PlyCount "23"]
[EventDate "2019.??.??"]

1. e4 e5 2. Nf3 d6 3. Bc4 Nc6 4. d3 Nf6 5. c3 Bg4 6. Qb3 d5 7. exd5 Na5 8. Qa4+
Bd7 9. Bb5 a6 10. Bxd7+ Nxd7 11. b4 b5 12. Qxa5 1-0

[Event "SV Ahlen 1 - SG Werl-Wickede 1"]
[Site "Verbandsliga - Gr. 1 2019/202"]
[Date "2019.09.22"]
[Round "1.3"]
[White "Beulertz, Stefan"]
[Black "Volesky, Alexander"]
[Result "1/2-1/2"]
[WhiteElo "2040"]
[BlackElo "2009"]
[PlyCount "113"]
[EventDate "2019.??.??"]

1. e4 c5 2. Nf3 e6 3. g3 d6 4. Bg2 Nc6 5. O-O Be7 6. c3 Nf6 7. Qe2 Qc7 8. d4 b6
9. e5 dxe5 10. dxe5 Nd7 11. Na3 a6 12. Bf4 b5 13. Rfe1 Bb7 14. Nc2 Nb6 15. b3
Rd8 16. Bg5 O-O 17. h4 Rd7 18. Rad1 Rfd8 19. Bf4 Nd5 20. Bd2 h6 21. Nh2 Bf8 22.
f4 Nce7 23. h5 Nb6 24. Ne3 Bxg2 25. Qxg2 Ned5 26. Nhf1 c4 27. Nxd5 Nxd5 28. Qf3
cxb3 29. axb3 Rc8 30. Rc1 Qa7+ 31. Kg2 Rdc7 32. f5 Ba3 33. f6 Qb7 34. Re4 gxf6
35. Rg4+ Kf8 36. Bxh6+ Ke7 37. Re1 Rxc3 38. exf6+ Kd7 39. Re3 Rxe3 40. Nxe3
Nxe3+ 41. Bxe3 Qxf3+ 42. Kxf3 e5 43. Ke4 Ke6 44. Bg5 Bc1 45. h6 Bxg5 46. Rxg5
Kxf6 47. Rxe5 Kg6 48. Re7 Rc3 49. h7 Kxh7 50. Rxf7+ Kg6 51. Rf3 Rxf3 52. Kxf3
a5 53. Ke3 Kf5 54. Kd4 Kg4 55. Kc5 a4 56. bxa4 bxa4 57. Kb4 1/2-1/2

[Event "SV Ahlen 1 - SG Werl-Wickede 1"]
[Site "Verbandsliga - Gr. 1 2019/202"]
[Date "2019.09.22"]
[Round "1.4"]
[White "Woestmann, Ulrich"]
[Black "Lampe, Thomas"]
[Result "1/2-1/2"]
[WhiteElo "1996"]
[BlackElo "1919"]
[Annotator "Daniel"]
[PlyCount "91"]
[EventDate "2019.??.??"]

1. f4 d5 2. Nf3 Nf6 3. g3 c5 4. Bg2 Nc6 5. d3 Bg4 6. Ne5 Bh5 7. c4 e6 8. Nc3
Bd6 9. Qa4 Bxe5 10. fxe5 Nd7 11. cxd5 exd5 12. Nxd5 Ndxe5 13. Nf4 Bg4 14. Be3
O-O 15. Bxc5 Re8 16. O-O Bxe2 17. Nxe2 Nxd3 18. Bxc6 bxc6 19. Bd4 Rxe2 20. Qc4
Qd5 21. Qxd5 $11 cxd5 22. Rf3 Nxb2 23. Rb3 Nc4 24. Bxa7 f6 25. Rb8+ Rxb8 26.
Bxb8 Nd2 27. a4 Nf3+ 28. Kf1 Rxh2 29. Ra3 Nd2+ 30. Kg1 Nc4 31. Kxh2 Nxa3 32. a5
Nc4 33. Bc7 Na3 34. a6 Nb5 35. Bb6 Kf7 36. Kg2 Ke6 37. a7 Nxa7 38. Bxa7 Kf5 39.
Kf3 h5 40. Bf2 Ke5 41. Ke3 g5 42. Kd3 Ke6 43. Kd4 f5 44. Be3 h4 45. gxh4 gxh4
46. Bf4 1/2-1/2

[Event "SV Ahlen 1 - SG Werl-Wickede 1"]
[Site "Verbandsliga - Gr. 1 2019/202"]
[Date "2019.09.22"]
[Round "1.5"]
[White "Scheibe, Andreas"]
[Black "Volesky, Karl-Heinz"]
[Result "0-1"]
[WhiteElo "1799"]
[BlackElo "1952"]
[PlyCount "94"]
[EventDate "2019.??.??"]

1. c4 e5 2. g3 Nc6 3. Bg2 d6 4. a3 Be6 5. d3 Be7 6. b4 Qd7 7. b5 Nd8 8. Nc3 c6
9. Nf3 Bh3 10. O-O h5 11. bxc6 bxc6 12. Ne4 Bxg2 13. Kxg2 h4 14. gxh4 Bxh4 15.
Rg1 Nf6 16. Kf1 Nxe4 17. dxe4 Bf6 18. Bg5 Bxg5 19. Rxg5 Ne6 20. Rg3 Rb8 21. Qd2
g6 22. Rd1 Nc5 23. Qc2 Qe7 24. Kg2 Rb6 25. Rb1 Qb7 26. Nd2 Rxb1 27. Nxb1 Ke7
28. Nc3 Ne6 29. Nd1 Nf4+ 30. Kg1 Rb8 31. Rc3 Qb1 32. Kf1 Qxc2 33. Rxc2 Rb1 34.
Rd2 Rc1 35. e3 Ne6 36. Kg2 Rxc4 37. Rb2 Nc5 38. Kf3 Ra4 39. Ra2 Rxe4 40. Rc2
Ra4 41. Rc3 Rh4 42. Kg2 Kd7 43. Nb2 Na4 44. Nxa4 Rxa4 45. Rb3 Kc7 46. Kf3 d5
47. Kg3 g5 0-1

[Event "SV Ahlen 1 - SG Werl-Wickede 1"]
[Site "Verbandsliga - Gr. 1 2019/202"]
[Date "2019.09.22"]
[Round "1.6"]
[White "Busche, Klaus"]
[Black "Brunberg, Ingo"]
[Result "1/2-1/2"]
[WhiteElo "1948"]
[BlackElo "1774"]
[PlyCount "66"]
[EventDate "2019.??.??"]

1. d4 Nf6 2. Bf4 d6 3. Nc3 g6 4. e4 Bg7 5. Qd2 c6 6. f3 b5 7. Bd3 b4 8. Nce2
Qb6 9. g4 Nfd7 10. c3 bxc3 11. bxc3 c5 12. Rb1 Qa5 13. Bc4 Nb6 14. Bb3 Nc6 15.
Be3 O-O 16. h4 Ba6 17. h5 Nc4 18. Bxc4 Bxc4 19. hxg6 fxg6 20. Bh6 Rf7 21. Bxg7
Rxg7 22. f4 cxd4 23. cxd4 Qxd2+ 24. Kxd2 Bxa2 25. Rc1 Nd8 26. Rh3 Be6 27. f5
gxf5 28. gxf5 Bd7 29. Ra3 Nc6 30. Nf3 a6 31. Ke3 Kf7 32. Nf4 Nb4 33. d5 a5
1/2-1/2

[Event "SV Ahlen 1 - SG Werl-Wickede 1"]
[Site "Verbandsliga - Gr. 1 2019/202"]
[Date "2019.09.22"]
[Round "1.7"]
[White "Huegel, Guido"]
[Black "Starp, Klaus"]
[Result "0-1"]
[WhiteElo "1780"]
[BlackElo "1897"]
[PlyCount "62"]
[EventDate "2019.??.??"]

1. e4 c5 2. d3 Nc6 3. f4 g6 4. Nf3 Bg7 5. c3 d6 6. Be2 e6 7. O-O Nge7 8. Na3
O-O 9. Qe1 f5 10. Qh4 Rb8 11. Nc2 b5 12. Be3 b4 13. e5 bxc3 14. bxc3 Rb2 15.
Rac1 Nd5 16. Bd2 Qxh4 17. Nxh4 dxe5 18. Bf3 Rxa2 19. g3 exf4 20. gxf4 Bd7 21.
Rfe1 Rb8 22. c4 Ndb4 23. Bxc6 Nxc6 24. Be3 Rbb2 25. Re2 Na5 26. Nf3 Nb3 27.
Nfe1 Nxc1 28. Bxc1 Rb1 29. Be3 Ba4 30. Kf2 Bxc2 31. Rxc2 Rxc2+ 0-1

[Event "SV Ahlen 1 - SG Werl-Wickede 1"]
[Site "Verbandsliga - Gr. 1 2019/202"]
[Date "2019.09.22"]
[Round "1.8"]
[White "Wagner, Ralf"]
[Black "Zimmer, Sebastian"]
[Result "1/2-1/2"]
[WhiteElo "1804"]
[BlackElo "1713"]
[PlyCount "55"]
[EventDate "2019.??.??"]

1. e4 e6 2. d4 d5 3. Nd2 Nf6 4. e5 Nfd7 5. Bd3 c5 6. c3 Nc6 7. Ne2 Qb6 8. Nf3
cxd4 9. cxd4 Bb4+ 10. Kf1 f6 11. a3 Be7 12. exf6 Nxf6 13. h3 O-O 14. Rb1 Ne4
15. Be3 Qc7 16. Qc2 Nd6 17. Bf4 h6 18. Ne5 Bf6 19. Bh7+ Kh8 20. Ng6+ Kxh7 21.
Nxf8+ Kg8 22. Nh7 Kf7 23. Nxf6 Kxf6 24. Be5+ Kf7 25. h4 Qe7 26. Bxd6 Qxd6 27.
Rh3 e5 28. Rf3+ 1/2-1/2

[Event "SV Bottrop 1 - SG Gladbeck 1"]
[Site "Verbandsliga - Gr. 1 2019/202"]
[Date "2019.09.22"]
[Round "1.1"]
[White "Mancic, Ivan"]
[Black "Stadtmann, Jens"]
[Result "0-1"]
[WhiteElo "2159"]
[BlackElo "2155"]
[PlyCount "186"]
[EventDate "2019.??.??"]

1. d4 d5 2. c4 c6 3. Nf3 e6 4. g3 f5 5. Bg2 Nf6 6. b3 Bd6 7. O-O O-O 8. Ba3 a5
9. Qc1 b5 10. Bxd6 Qxd6 11. c5 Qc7 12. Qf4 Qxf4 13. gxf4 Nbd7 14. Ne5 Bb7 15.
a3 Rfd8 16. f3 Nxe5 17. fxe5 Nh5 18. f4 Kf7 19. e3 g6 20. Nd2 Rh8 21. Kf2 Rag8
22. b4 a4 23. Bf3 Ng7 24. Be2 Ne8 25. Rg1 Nc7 26. Nf3 Bc8 27. Rg3 Bd7 28. Rag1
Be8 29. Rh3 h5 30. Nh4 Kf8 31. Rhg3 Rh6 32. Rg5 Bf7 33. Nf3 h4 34. R5g2 Ke7 35.
Ng5 Be8 36. Ke1 Rgh8 37. Nh3 Bf7 38. Kd2 Be8 39. Ng5 Rg8 40. Bd1 Bd7 41. Nh3
Be8 42. Rg5 Bf7 43. Be2 Rgh8 44. Nf2 Rb8 45. Nd1 Be8 46. Nc3 Bf7 47. Kc1 Be8
48. Kb2 Ra8 49. Rf1 Rb8 50. Bd1 Ra8 51. Rf3 Bf7 52. Rh3 Kd7 53. Kc1 Ke7 54. Rf3
Be8 55. Rf1 Bf7 56. Rf2 Be8 57. Rfg2 Bf7 58. Kd2 Kd7 59. Ke1 Ke7 60. Rd2 Rh7
61. Kf2 Rh6 62. Ne2 Kd7 63. Ng1 Ke7 64. Nf3 Rah8 65. Rg1 Be8 66. Ng5 Rg8 67.
Bf3 Rf8 68. Kg2 Rfh8 69. Kh3 Rf8 70. Rdg2 Kd7 71. Bd1 Ke7 72. Nf3 Rfh8 73. Ng5
Rf8 74. Bc2 Kd7 75. Rd2 Ke7 76. Kg2 Kd7 77. Kf2 Ke7 78. Nf3 Bf7 79. Bb1 Be8 80.
Ba2 Bf7 81. Ng5 Be8 82. h3 Rfh8 83. Rgd1 Rf8 84. e4 fxe4 85. Ke3 Bd7 86. Bb1
Ne8 87. Bxe4 dxe4 88. d5 exd5 89. Nxe4 Bxh3 90. Nd6 Be6 91. Rg1 h3 92. Rh2 Ng7
93. Rg5 Nh5 0-1

[Event "SV Bottrop 1 - SG Gladbeck 1"]
[Site "Verbandsliga - Gr. 1 2019/202"]
[Date "2019.09.22"]
[Round "1.2"]
[White "Mohrholz, Uwe"]
[Black "Frohne, Gerd"]
[Result "1-0"]
[WhiteElo "1992"]
[BlackElo "2033"]
[PlyCount "91"]
[EventDate "2019.??.??"]

1. Nf3 d5 2. d4 e6 3. c4 Nf6 4. Nc3 a6 5. cxd5 exd5 6. Bf4 Be6 7. e3 Bd6 8.
Bxd6 Qxd6 9. Qc2 Nbd7 10. Bd3 h6 11. a3 O-O 12. Rc1 Rfc8 13. b4 b5 14. O-O c6
15. e4 dxe4 16. Nxe4 Nxe4 17. Bxe4 Bc4 18. Rfd1 a5 19. Bf5 axb4 20. Bxd7 Qxd7
21. Ne5 Qd5 22. Nxc4 Qxc4 23. Qxc4 bxc4 24. axb4 Ra4 25. Rxc4 Rd8 26. g3 Rd6
27. Rd2 Ra1+ 28. Kg2 Rb1 29. Ra2 Rd1 30. Ra8+ Kh7 31. Rc8 R6xd4 32. R8xc6 Rxc4
33. Rxc4 Rb1 34. Kf3 Kg6 35. h4 h5 36. Ke3 Rb2 37. Rf4 f5 38. Kd3 Kf6 39. Kc3
Rb1 40. Kc2 Re1 41. b5 Re7 42. Rb4 Ke6 43. b6 Rb7 44. Kd3 Kd6 45. Kd4 g6 46.
Rb2 1-0

[Event "SV Bottrop 1 - SG Gladbeck 1"]
[Site "Verbandsliga - Gr. 1 2019/202"]
[Date "2019.09.22"]
[Round "1.3"]
[White "Berg, Dietmar"]
[Black "Nowak, Steven"]
[Result "1-0"]
[WhiteElo "1949"]
[BlackElo "1954"]
[PlyCount "61"]
[EventDate "2019.??.??"]

1. d4 e6 2. Nf3 Nf6 3. Nbd2 d5 4. e3 Be7 5. Bd3 O-O 6. O-O c5 7. c3 Nc6 8. dxc5
Bxc5 9. e4 e5 10. Qe2 Bg4 11. exd5 Nxd5 12. Ne4 Be7 13. h3 Bh5 14. Ng3 Bxf3 15.
Qxf3 Nc7 16. Rd1 Qe8 17. Qe4 g6 18. Bh6 Ne6 19. Bxf8 Bxf8 20. Bb5 Ned8 21. Rd3
a6 22. Ba4 b5 23. Bb3 Rc8 24. Qg4 Rc7 25. Ne4 Kg7 26. Qg5 Be7 27. Qd2 f5 28.
Ng3 e4 29. Rd5 Bf6 30. Rd1 Ne5 31. Rxd8 1-0

[Event "SV Bottrop 1 - SG Gladbeck 1"]
[Site "Verbandsliga - Gr. 1 2019/202"]
[Date "2019.09.22"]
[Round "1.5"]
[White "Wenzel, Martin"]
[Black "Gierse, Heinz-Dieter"]
[Result "0-1"]
[WhiteElo "1903"]
[BlackElo "1914"]
[PlyCount "46"]
[EventDate "2019.??.??"]

1. e4 d5 2. exd5 Nf6 3. d4 Nxd5 4. Nf3 Nc6 5. c4 Nb6 6. d5 Nb8 7. a4 a5 8. Be3
e6 9. Nc3 Bb4 10. Bxb6 cxb6 11. Qb3 O-O 12. O-O-O Bxc3 13. Qxc3 exd5 14. Rxd5
Qc7 15. Bd3 Be6 16. Rg5 f6 17. Rg3 Nc6 18. Re1 Nb4 19. Kb1 Nxd3 20. Qxd3 Rad8
21. Qc3 Bf5+ 22. Ka1 Rd3 23. Qc1 Qc6 0-1

[Event "SV Bottrop 1 - SG Gladbeck 1"]
[Site "Verbandsliga - Gr. 1 2019/202"]
[Date "2019.09.22"]
[Round "1.6"]
[White "Jaeger, Heinz"]
[Black "Kucheyda, Joerg"]
[Result "1-0"]
[WhiteElo "1948"]
[BlackElo "1910"]
[PlyCount "49"]
[EventDate "2019.??.??"]

1. d4 Nf6 2. Nf3 g6 3. Bg5 Bg7 4. Nbd2 d5 5. e3 Bf5 6. Be2 h6 7. Bh4 Nbd7 8.
Ne5 Nxe5 9. dxe5 Nd7 10. f4 c6 11. g4 Be4 12. Nxe4 dxe4 13. Qd4 Qb6 14. O-O-O
Qxd4 15. Rxd4 f5 16. Rhd1 Nb6 17. gxf5 Nd5 18. f6 exf6 19. exf6 Bxf6 20. Rxd5
Bxh4 21. Re5+ Kf7 22. Bc4+ Kf8 23. Rd7 Rd8 24. Rf7+ Kg8 25. Rxb7+ 1-0

[Event "SV Bottrop 1 - SG Gladbeck 1"]
[Site "Verbandsliga - Gr. 1 2019/202"]
[Date "2019.09.22"]
[Round "1.7"]
[White "Huttny, Georg"]
[Black "Huestegge, Ulrich"]
[Result "1/2-1/2"]
[WhiteElo "1828"]
[BlackElo "1850"]
[PlyCount "89"]
[EventDate "2019.??.??"]

1. c4 d6 2. g3 e5 3. Bg2 Nc6 4. Nc3 Nf6 5. d3 Be7 6. e3 O-O 7. Nge2 Be6 8. O-O
Qd7 9. Re1 Bh3 10. Bh1 h5 11. Rb1 h4 12. gxh4 Qg4+ 13. Ng3 Qxh4 14. f3 Nh5 15.
Nxh5 Qxh5 16. Bg2 f5 17. Nd5 Bd8 18. Re2 Ne7 19. Nxe7+ Bxe7 20. Qf1 Bxg2 21.
Rxg2 Rf6 22. f4 exf4 23. exf4 Re6 24. Bd2 Bh4 25. Bc3 g6 26. Qd1 Qxd1+ 27. Rxd1
Rae8 28. h3 Kf7 29. Kh2 Re3 30. Rdg1 g5 31. fxg5 Kg6 32. Rf1 Rxd3 33. Rf4 Re4
34. Rxe4 fxe4 35. Rg4 Bf2 36. Rxe4 Kxg5 37. Re7 Bb6 38. Rg7+ Kh6 39. Rg3 Rd1
40. Kg2 c6 41. Kf3 d5 42. Ke2 Ra1 43. cxd5 cxd5 44. Rd3 d4 45. Bxd4 1/2-1/2

[Event "SV Bottrop 1 - SG Gladbeck 1"]
[Site "Verbandsliga - Gr. 1 2019/202"]
[Date "2019.09.22"]
[Round "1.8"]
[White "Tochtrop, Lothar"]
[Black "Busch, Udo"]
[Result "1-0"]
[WhiteElo "1786"]
[BlackElo "1769"]
[PlyCount "85"]
[EventDate "2019.??.??"]

1. e4 c5 2. Nf3 Nc6 3. Bc4 e6 4. Nc3 a6 5. d4 cxd4 6. Nxd4 Qc7 7. Bb3 Nf6 8.
Be3 Bb4 9. Nxc6 Qxc6 10. O-O Bxc3 11. bxc3 Nxe4 12. Qd4 f6 13. c4 b5 14. f3 Nd6
15. cxb5 axb5 16. Bf2 O-O 17. Rfe1 Nf5 18. Qd3 d5 19. Rad1 Kh8 20. c3 Ra3 21.
Re2 Ne7 22. Rb2 Re8 23. Bc2 Ng6 24. Qxb5 Qxb5 25. Rxb5 Rxa2 26. Bb3 Ba6 27. Rb4
Rb2 28. Ba4 Rxb4 29. cxb4 Rb8 30. b5 Bb7 31. Rc1 e5 32. Ba7 Rc8 33. Rd1 Nf4 34.
Kf1 d4 35. Kf2 Rc3 36. Ra1 f5 37. Bd1 h5 38. Bb8 Nd3+ 39. Kf1 e4 40. fxe4 fxe4
41. Ba7 Nb2 42. Bxd4 Rd3 43. Bxb2 1-0

[Event "Weiße Dame Borbeck 1 - Bochumer SV 2"]
[Site "Verbandsliga - Gr. 1 2019/202"]
[Date "2019.09.22"]
[Round "1.1"]
[White "Schneider, Bernd"]
[Black "Loyen, Egbert"]
[Result "1-0"]
[WhiteElo "2266"]
[BlackElo "2184"]
[Annotator "Daniel"]
[PlyCount "65"]
[EventDate "2019.??.??"]

1. d4 e6 2. c4 f5 3. g3 Nf6 4. Bg2 Be7 5. d5 O-O 6. Nf3 a5 7. Nc3 Na6 8. O-O
Qe8 9. Bf4 Bc5 10. d6 c6 11. Ne5 Rb8 12. Nd3 Ba7 13. e4 fxe4 14. Nxe4 Nxe4 15.
Bxe4 Nc5 16. Nxc5 Bxc5 17. Be5 b5 18. Rc1 bxc4 19. Rxc4 Ba7 20. Qg4 g6 21. Qh4
Rb4 22. Bd3 Qf7 $11 23. Rf4 Rxf4 24. gxf4 Bb6 25. f5 Bd8 26. Qg3 Bf6 27. fxg6
hxg6 28. Bxg6 Qg7 29. Re1 c5 30. Re4 Bb7 31. Bxf6 Rxf6 32. Rg4 Kf8 33. Be4 1-0

[Event "Weiße Dame Borbeck 1 - Bochumer SV 2"]
[Site "Verbandsliga - Gr. 1 2019/202"]
[Date "2019.09.22"]
[Round "1.2"]
[White "Hillenbrand, Michael"]
[Black "Heinbuch, Detlef Ulrich"]
[Result "1/2-1/2"]
[WhiteElo "2081"]
[BlackElo "2222"]
[PlyCount "24"]
[EventDate "2019.??.??"]

1. c4 e6 2. g3 d5 3. Bg2 Nf6 4. Nf3 Be7 5. O-O O-O 6. d4 c6 7. Nbd2 b6 8. e3
Nbd7 9. b3 Bb7 10. Bb2 Rc8 11. Qe2 dxc4 12. Nxc4 c5 1/2-1/2

[Event "Weiße Dame Borbeck 1 - Bochumer SV 2"]
[Site "Verbandsliga - Gr. 1 2019/202"]
[Date "2019.09.22"]
[Round "1.3"]
[White "Pewny, Uwe"]
[Black "Dewenter, Ulf"]
[Result "1/2-1/2"]
[WhiteElo "2189"]
[BlackElo "2104"]
[PlyCount "81"]
[EventDate "2019.??.??"]

1. e4 e6 2. f4 c5 3. Nf3 Nc6 4. c3 d5 5. e5 d4 6. Bd3 Be7 7. O-O f5 8. Na3 Nh6
9. Nc2 dxc3 10. dxc3 O-O 11. Ne3 Nf7 12. a4 g5 13. Nc4 g4 14. Ne1 b6 15. Nc2
Rb8 16. Qe2 a6 17. Rd1 Qc7 18. N4e3 Ra8 19. Nxg4 c4 20. Bxc4 fxg4 21. Qxg4+ Kh8
22. Bxe6 Nfxe5 23. fxe5 Nxe5 24. Qh3 Bxe6 25. Qxe6 Rf6 26. Qh3 Rg8 27. Be3
Rxg2+ 28. Qxg2 Rg6 29. Bd4 Bc5 30. Rd2 Bxd4+ 31. Nxd4 Nc4 32. Re2 Rxg2+ 33.
Rxg2 Qe5 34. Rf1 h5 35. Nf5 Qc5+ 36. Kh1 Ne3 37. Nxe3 Qxe3 38. Rf8+ Kh7 39.
Rf7+ Kh8 40. Rf8+ Kh7 41. Rf7+ 1/2-1/2

[Event "Weiße Dame Borbeck 1 - Bochumer SV 2"]
[Site "Verbandsliga - Gr. 1 2019/202"]
[Date "2019.09.22"]
[Round "1.4"]
[White "Klasmeier, Jens"]
[Black "Wolter, Detlev"]
[Result "0-1"]
[WhiteElo "2058"]
[BlackElo "2182"]
[PlyCount "72"]
[EventDate "2019.??.??"]

1. e4 g6 2. d4 Bg7 3. Nc3 d6 4. h3 a6 5. a4 b6 6. Nf3 c5 7. d5 Nf6 8. Bc4 O-O
9. O-O Nbd7 10. Be3 Ne8 11. Qd2 Nc7 12. Bh6 Rb8 13. Bxg7 Kxg7 14. Qe2 f6 15. b3
Ne5 16. Nh4 Qd7 17. f4 Nf7 18. Bd3 b5 19. e5 dxe5 20. axb5 Nxb5 21. Nxb5 axb5
22. Rad1 b4 23. Nxg6 hxg6 24. Bxg6 Kxg6 25. f5+ Qxf5 26. Rxf5 Bxf5 27. g4 Bd7
28. h4 Nd6 29. g5 Rh8 30. Rd3 Rxh4 31. Rg3 Ne4 32. gxf6+ Nxg3 33. Qxe5 Rbh8 34.
fxe7 Ne4 35. d6 Rg4+ 36. Kf1 Bb5+ 0-1

[Event "Weiße Dame Borbeck 1 - Bochumer SV 2"]
[Site "Verbandsliga - Gr. 1 2019/202"]
[Date "2019.09.22"]
[Round "1.5"]
[White "Kraemer, Matthias"]
[Black "Poetter, Clemens"]
[Result "1/2-1/2"]
[WhiteElo "2189"]
[BlackElo "1994"]
[PlyCount "174"]
[EventDate "2019.??.??"]

1. e4 c6 2. d4 d5 3. Nd2 dxe4 4. Nxe4 Nd7 5. Bc4 Ngf6 6. Nxf6+ Nxf6 7. c3 Bf5
8. Qb3 e6 9. Qxb7 Be4 10. f3 Bd5 11. Bxd5 cxd5 12. Qc6+ Nd7 13. Bg5 Be7 14.
Bxe7 Kxe7 15. Qa4 Qc7 16. Qa3+ Kf6 17. Ne2 Rab8 18. b3 h5 19. h4 e5 20. O-O g6
21. Qc1 Kg7 22. Qd2 Rbd8 23. dxe5 Nxe5 24. Nd4 Kh7 25. Rfe1 Rhe8 26. Qf4 Rd7
27. Re3 Rde7 28. Rae1 a6 29. R1e2 Kg8 30. Qg3 Kh7 31. Qe1 Kg8 32. Qg3 Kh7 33.
Kf1 Kh8 34. Qg5 Kh7 35. Qf6 a5 36. Nb5 Qb8 37. Qa6 Re6 38. Qa7 Qxb5 39. a4 Qb8
40. Qxb8 Rxb8 41. Rxe5 Rxb3 42. Rxd5 Rxe2 43. Kxe2 Rxc3 44. Rxa5 Rc2+ 45. Kf1
Kg7 46. Re5 Kf6 47. Re4 Ra2 48. Kg1 Kf5 49. Kh2 f6 50. Rb4 g5 51. Kh3 Ra3 52.
hxg5 fxg5 53. Rb5+ Kg6 54. Ra5 g4+ 55. Kg3 gxf3 56. gxf3 h4+ 57. Kg4 h3 58.
Rg5+ Kf6 59. a5 h2 60. Rh5 Rxa5 61. Rh6+ Kg7 62. Rxh2 Ra6 63. f4 Rg6+ 64. Kf5
Ra6 65. Re2 Kf7 66. Re5 Rf6+ 67. Kg4 Ra6 68. Rd5 Rg6+ 69. Kf3 Ra6 70. Rf5+ Kg6
71. Rf8 Kg7 72. Rb8 Kf7 73. Rd8 Ke7 74. Rh8 Kf7 75. Rh5 Kg7 76. Kg4 Kf7 77.
Rh7+ Kg8 78. Rd7 Ra5 79. f5 Ra1 80. Kg5 Ra6 81. Rb7 Rc6 82. Ra7 Rb6 83. f6 Rb1
84. Kg6 Rg1+ 85. Kf5 Rf1+ 86. Ke6 Re1+ 87. Kd6 Kf8 1/2-1/2

[Event "Weiße Dame Borbeck 1 - Bochumer SV 2"]
[Site "Verbandsliga - Gr. 1 2019/202"]
[Date "2019.09.22"]
[Round "1.6"]
[White "Korste, Sebastian"]
[Black "Spiess, Timo-Christian"]
[Result "1/2-1/2"]
[WhiteElo "1945"]
[BlackElo "2087"]
[PlyCount "32"]
[EventDate "2019.??.??"]

1. d4 d6 2. Bf4 f5 3. Nf3 Nf6 4. e3 g6 5. Be2 Bg7 6. Nbd2 O-O 7. h4 Nh5 8. Bh2
Nc6 9. Ng5 Nf6 10. c3 e6 11. b4 h6 12. b5 Ne7 13. Ngf3 Ned5 14. Qb3 Ng4 15. c4
Ndf6 16. Bg1 c5 1/2-1/2

[Event "Weiße Dame Borbeck 1 - Bochumer SV 2"]
[Site "Verbandsliga - Gr. 1 2019/202"]
[Date "2019.09.22"]
[Round "1.7"]
[White "Hinkmann, Jens"]
[Black "Mundil, Uwe"]
[Result "1/2-1/2"]
[WhiteElo "1986"]
[BlackElo "2006"]
[PlyCount "51"]
[EventDate "2019.??.??"]

1. e4 c5 2. Nc3 Nc6 3. g3 g6 4. Bg2 Bg7 5. d3 e6 6. Be3 d6 7. Qd2 Nge7 8. Bh6
O-O 9. h4 f5 10. h5 Rf7 11. hxg6 hxg6 12. Bxg7 Rxg7 13. Qh6 Kf8 14. Nf3 Ng8 15.
Qd2 Nd4 16. Nxd4 cxd4 17. Nb5 Qb6 18. Qb4 Qc5 19. c3 dxc3 20. bxc3 Rd7 21. d4
Qxb4 22. cxb4 a6 23. Na3 Rc7 24. Kd2 Bd7 25. Rac1 Rac8 26. exf5 1/2-1/2

[Event "Weiße Dame Borbeck 1 - Bochumer SV 2"]
[Site "?"]
[Date "2019.09.22"]
[Round "1.8"]
[White "Kindermann, Carsten"]
[Black "Niekrens, Stefan"]
[Result "1/2-1/2"]
[WhiteElo "1912"]
[BlackElo "2011"]
[PlyCount "123"]
[EventDate "2019.??.??"]

1. e4 d5 2. exd5 Nf6 3. d4 Nxd5 4. g3 e6 5. Bg2 Be7 6. Ne2 O-O 7. O-O Nc6 8. b3
Bf6 9. Bb2 Nde7 10. c3 b6 11. Nd2 g6 12. Ne4 Bg7 13. Qc2 Bb7 14. Rad1 Nf5 15.
Nf4 Nce7 16. Ba3 Re8 17. Rfe1 Rb8 18. h4 Nd6 19. Nxd6 cxd6 20. Bxb7 Rxb7 21.
Qd3 Rc7 22. c4 Nf5 23. d5 e5 24. Ne2 e4 25. Qc2 Qf6 26. Rb1 e3 27. Rf1 exf2+
28. Rxf2 Ne3 29. Qd3 Qe7 30. Nf4 Ng4 31. Re2 Ne5 32. Qd1 g5 33. hxg5 Qxg5 34.
Kg2 Rd7 35. Bc1 Qg4 36. Rxe5 Qxd1 37. Rxe8+ Bf8 38. Ne6 Qe2+ 39. Kg1 fxe6 40.
Bh6 Rg7 41. Bxg7 Kxg7 42. Rf1 Qe3+ 43. Rf2 Qc1+ 44. Kg2 exd5 45. Rexf8 Qb1 46.
cxd5 Qe4+ 47. Kh2 Qxd5 48. R8f5 Qe6 49. g4 h6 50. Kg3 d5 51. g5 Qe3+ 52. Kg4
Qe4+ 53. R5f4 Qe6+ 54. Rf5 hxg5 55. Kxg5 d4 56. Rf7+ Qxf7 57. Rxf7+ Kxf7 58.
Kf4 Ke6 59. Ke4 d3 60. Kxd3 Kd5 61. Kc3 a5 62. a3 1/2-1/2

[Event "SV Erkenschwick 2 - SV Waltrop 1"]
[Site "Verbandsliga - Gr. 1 2019/202"]
[Date "2019.09.22"]
[Round "1.1"]
[White "Eckert, Marius"]
[Black "Trzaska, Peter"]
[Result "1-0"]
[WhiteElo "2125"]
[BlackElo "2072"]
[PlyCount "51"]
[EventDate "2019.??.??"]

1. d4 c5 2. d5 e5 3. dxe6 fxe6 4. e4 d5 5. Qh5+ g6 6. Qe5 Qf6 7. Qg3 Nc6 8. Nc3
Nd4 9. Bg5 Qf7 10. O-O-O Bh6 11. Nh3 Bxg5+ 12. Nxg5 Qf6 13. exd5 Ne7 14. Nce4
Qg7 15. Nd6+ Kf8 16. Nxc8 Nef5 17. Qf4 e5 18. Ne6+ Nxe6 19. dxe6 Rxc8 20. Qf3
h5 21. Rd7 Qh6+ 22. Kb1 Rc6 23. Qd5 Rh7 24. Qxe5 Rxd7 25. exd7 Qd2 26. Bd3 1-0

[Event "SV Erkenschwick 2 - SV Waltrop 1"]
[Site "Verbandsliga - Gr. 1 2019/202"]
[Date "2019.09.22"]
[Round "1.2"]
[White "Jungbluth, Rolf"]
[Black "Gasper, Joern"]
[Result "1-0"]
[WhiteElo "1983"]
[BlackElo "2071"]
[PlyCount "75"]
[EventDate "2019.??.??"]

1. c4 c6 2. d4 d5 3. cxd5 cxd5 4. Nc3 Nf6 5. Nf3 Qb6 6. e3 Bf5 7. Bd3 Bxd3 8.
Qxd3 Nc6 9. O-O e6 10. a3 Be7 11. b4 Qc7 12. Bb2 O-O 13. Rac1 Qd6 14. Rc2 a6
15. Rfc1 Nd7 16. Ne2 Nb6 17. Ne5 Nxe5 18. dxe5 Qd8 19. Bd4 Nc4 20. f4 b5 21. f5
exf5 22. Qxf5 Nxa3 23. Rc6 Nc4 24. Nf4 Bg5 25. Rf1 Bxf4 26. Rxf4 g6 27. Qh3 Rc8
28. Rxa6 Qg5 29. e6 Ne5 30. Bc5 Nd3 31. exf7+ Kg7 32. Bd4+ Ne5 33. Ra1 Rc2 34.
Raf1 h6 35. Rg4 Qe7 36. Rxg6+ Kxg6 37. Qf5+ Kg7 38. Bxe5+ 1-0

[Event "SV Erkenschwick 2 - SV Waltrop 1"]
[Site "Verbandsliga - Gr. 1 2019/202"]
[Date "2019.09.22"]
[Round "1.3"]
[White "Winterberg, Andreas"]
[Black "Broksch, Dirk"]
[Result "1-0"]
[WhiteElo "2001"]
[BlackElo "1856"]
[Annotator "Daniel"]
[PlyCount "89"]
[EventDate "2019.??.??"]

1. e4 c5 2. c3 e6 3. d4 cxd4 4. cxd4 d5 5. e5 Nc6 6. Nc3 Nge7 7. Nf3 Nf5 8. Bb5
Bd7 9. O-O Qb6 10. Ba4 a6 11. Ne2 h5 12. Bc2 g6 13. a3 Be7 14. b4 a5 15. bxa5
Nxa5 16. Bg5 Nc4 17. Bxf5 gxf5 18. Bxe7 Kxe7 19. Rb1 Qa6 20. Qb3 Qxa3 21. Qxa3+
Rxa3 22. Rxb7 Rg8 23. Kh1 Na5 $11 24. Ra7 Nc4 25. Rxa3 Nxa3 26. Nf4 Rh8 27. h3
Nb5 28. Ra1 Rh7 29. Ra8 h4 30. Ne2 Rh5 31. Rg8 Rh6 32. Rb8 Bc6 33. Rb6 Be8 34.
Kh2 Kd8 35. Ra6 Nc7 36. Ra3 Bb5 37. Nc3 Bc4 38. Ng5 Rg6 39. Nxf7+ Kd7 40. Ra1
Kc6 41. Nd6 Rg8 42. Nxc4 dxc4 43. Ra4 Rd8 44. Rxc4+ Kb6 45. Na4+ 1-0

[Event "SV Erkenschwick 2 - SV Waltrop 1"]
[Site "Verbandsliga - Gr. 1 2019/202"]
[Date "2019.09.22"]
[Round "1.4"]
[White "Schulze Bisping, Franz-Adolf"]
[Black "Breidenbach, Rolf"]
[Result "1/2-1/2"]
[WhiteElo "1931"]
[BlackElo "1921"]
[PlyCount "41"]
[EventDate "2019.??.??"]

1. d4 g6 2. c4 c6 3. e4 d5 4. cxd5 cxd5 5. e5 Nc6 6. Nc3 Bg7 7. h3 h5 8. Nf3
Nh6 9. Qb3 Nf5 10. Bb5 O-O 11. Bxc6 bxc6 12. g4 Nh6 13. g5 Nf5 14. Na4 Re8 15.
Nc5 Qb6 16. Qc2 Qb4+ 17. Qc3 Rb8 18. a3 Qxc3+ 19. bxc3 e6 20. a4 Bf8 21. Ba3
1/2-1/2